000 00841nam a22002657a 4500
005 20251015143703.0
008 251015b |||||||| |||| 00| 0 eng d
017 _aLD.0704
018 _a2025
020 _a9789787905463
040 _aNLN
_bEnglish
_eAACR2
050 _aTK7887.5
_bS949
082 _a004.7
100 _aSULE, Mohammed A.
_eaut
_967997
245 _aFoundations of computer hardware :
_ba complete guide for beginners /
_cMohammed Adamu Sule
260 _aZaria, Kaduna State :
_bAhmadu Bello University Press,
_c2022.
300 _axi, 96p. :
_bill. ; 25cm
500 _aBibliography : p. 89-92
563 _a(pbk.)
650 _aComputer input-output equipment
_932284
650 _aMicro computer
_967998
650 _aComputer architecture
_931677
700 _aUsman Isyaku Bature
_ectb
_967999
942 _cBK
_n0
999 _c33404
_d33404